000
00233nam a2200097Ia 4500
001
665487
005
20250826160251.0
008
250824s9999 xx 000 0 und d
245
0
_a
Serüven Avcıları
_c
Jeanne Birdsall
260
_b
ALTIN
999
_c
665487
_d
665487